LIBRARY & INFORMATION CENTRE, KCAET, TAVANUR

ONLINE PUBLIC ACCESS CATALOGUE (OPAC)

Production of kokum juice powder using spray drying technology (Record no. 15125)

MARC details
000 -LEADER
fixed length control field 00679nam a22001937a 4500
003 - CONTROL NUMBER IDENTIFIER
control field OSt
088 ## - REPORT NUMBER
Report number P 343
100 ## - MAIN ENTRY--AUTHOR NAME
Personal name ALFONSA JAMES
245 ## - TITLE STATEMENT
Title Production of kokum juice powder using spray drying technology
260 ## - PUBLICATION, DISTRIBUTION, ETC. (IMPRINT)
Place of publication Tavanur 2016
Name of publisher Department of Food and Agricultural Process Engineering
300 ## - PHYSICAL DESCRIPTION
Number of Pages 59
500 ## - GENERAL NOTE
General note Production of kokum juice powder using spray drying technology
520 ## - SUMMARY, ETC.
Summary, etc Production of kokum juice powder using spray drying technology
700 ## - ADDED ENTRY--PERSONAL NAME
Personal name Amrutha K
700 ## - ADDED ENTRY--PERSONAL NAME
Personal name Dr. Sudheer K. P (Guide)
856 ## - ELECTRONIC LOCATION AND ACCESS
Uniform Resource Identifier https://drive.google.com/open?id=1dQLQbbjYb9JYIH_tO-MKkHmomSxATUqn
942 ## - ADDED ENTRY ELEMENTS (KOHA)
Koha item type Project Report
Holdings
Collection code Home library Current library Shelving location Full call number Accession Number Koha item type
Reference KAUAET KAUAET Reference 664 ALF/PR P 343 Project Report
free website counter